Statistics for Random Asian Country Flag to Capital

Click here to take the quiz!

General Stats

  • This quiz has been taken 1,276 times
  • The average score is 8 of 10

Answer Stats

Answer% Correct
Tokyo
98%
Seoul
96%
New Delhi
95%
Singapore
94%
Ankara
93%
Jerusalem
92%
Bangkok
90%
Beijing
90%
Damascus
90%
Manila
87%
Tehran
87%
Jakarta
85%
Kuala Lumpur
85%
Abu Dhabi
84%
Doha
84%
Islamabad
84%
Riyadh
84%
Hanoi
83%
Kuwait City
83%
Pyongyang
82%
Kathmandu
80%
Nicosia
80%
Ulaanbaatar
80%
Yerevan
79%
Baku
78%
Taipei
78%
Beirut
77%
Baghdad
75%
Dhaka
73%
Kabul
73%
Malé
72%
Manama
72%
Amman
70%
Nur-Sultan
65%
Tbilisi
65%
Dushanbe
64%
Muscat
64%
Bishkek
63%
Phnom Penh
60%
Tashkent
60%
Bandar Seri Begawan
59%
Vientiane
59%
Sri Jayawardenepura Kotte
56%
Dili
55%
Sana'a
55%
Thimphu
53%
Ashgabat
52%
Naypyidaw
44%

Score Distribution

Percentile by Number Answered

Percent of People with Each Score

Your Score History

You have not taken this quiz